Prénoms composés selon 2 noms - Statistiques

Statistiques générales
  • Ce quiz a été pris 31 fois
  • Le résultat moyen est 34 sur 113
Statistiques - réponses
Hint Réponse % Correct
Valjean/Aznavour Jean-Charles
100%
Poppins/Middleton Mary-Kate
88%
Longoria/Drucker (la journaliste) Eva-Marie
72%
Higgins Clark (mère)/Birkin Marie-Jane
68%
Reno/Lecaplain Jean-Baptiste
64%
Dujardin/Bertignac Jean-Louis
64%
Gabin/Niney Jean-Pierre
64%
Chagall/Minne Marc-Olivier
64%
Cardin/Montand Pierre-Yves
64%
Cocteau/Campan Jean-Bernard
60%
Jaurès/brel Jean-Jacques
60%
Alési/Polnareff Jean-Michel
60%
Tudor/Chazal Marie-Claire
56%
Clémenceau/Chabat Georges-Alain
52%
Poiret/Cluzet Jean-François
48%
Castex/Swayze Jean-patrick
48%
Curie (femme de Pierre)/ de France Marie-Cécile
48%
Portolano/Renaud (chanteuse, meneuse de revue et actrice) Marie-Line
48%
Descartes/Darwin René-Charles
48%
Frank/aux fraises Anne-Charlotte
44%
Trénet/Macron (pas Brigitte) Charles-Emmanuel
44%
Roucas/Dechavanne Jean-Christophe
44%
Racine/Ford Coppola Jean-Francis
44%
Moulin/Capet Jean-Hugues
44%
Carmet/Lavoine Jean-Marc
44%
Galfione/Obispo Jean-Pascal
44%
Laforêt (pas la la la la la)/Varda Marie-Agnès
44%
Besnard (empoisonneuse)/Gainsbourg (pas Serge ni Lulu) Marie-Charlotte
44%
Trintignant (fille de Jean-Louis et Nadine)/Moreau (actrice) Marie-Jeanne
44%
Bronson/Griezmann Charles-Antoine
40%
Baudelaire/Rostand Charles-Edmond
40%
Myriam/Gall Marie-France
40%
Desproges/Moire Pierre-Emmanuel
40%
Duteil/mère de Jésus Yves-Marie
40%
Bronson/Baer Charles-Edouard
36%
de Gaulle/Verneuil Charles-Henri
36%
Bowie/Dumas (pas Mireille ni Roland) David-Alexandre
36%
de la Fontaine/Drut Jean-Guy
36%
Rochefort/Plamondon Jean-Luc
36%
Piat/Cerdan Jean-marcel
36%
Dujardin/Anka Jean-Paul
36%
Lefebvre (celui qui a glissé)/ Bouvard Jean-Philippe
36%
Doillon (pas jacques)/Hataway Lou-Anne
36%
Leszczynska,/Manaudou (pas son frère) Marie-Laure
36%
Giraudoux/Poelvoorde Jean-Benoît
32%
Genet/Makélélé Jean-Claude
32%
d’Ormesson (pas héloïse)/Chabal Jean-Sébastien
32%
Kudrow/de Bourgogne (fille de Charles le Téméraire) Lisa-Marie
32%
Brizard/Dion Marie-Céline
32%
Fugain (actrice, fille de Stéphanie)/Ladesou Marie-Chantal
32%
Hidalgo (pas michel)/Valandrey Anne-Charlotte
28%
Bruni/Galante Carla-Marie
28%
de la Bruyère (je me demande si je ne l'ai pas déjà mis)/Chopin Jean-Frédéric
28%
Amadou/Gallagher (pas Liam) Jean-Noël
28%
Sara/Mauresmo Marie-Amélie
28%
Ah Carey (désolée mais je ne trouve plus de ..... célèbre)/Taubira Marie-Christiane
28%
Bunel/Bourgoin Marie-Louise
28%
Cézanne/Loubet Paul-Emile
28%
de Coubertin/Garrel Pierre-Louis
28%
Heche/Keim Anne-Claire
24%
Consigny/Marceau Anne-Sophie
24%
le Téméraire/Hugo Charles-Victor
24%
Lollobrigida/Sharapova Gina-Maria
24%
Todt/Attal (pas Yvan) Jean-Gabriel
24%
Tibéri (pas Xavière)/Chédid (pas Louis ni Andrée) Jean-Matthieu
24%
Vuarnet/Poulidor Jean-Raymond
24%
sans Terre/ Magritte Jean-René
24%
Gillain/Ma soeur qui ne voit rien venir Marie-Anne
24%
Richard (pas Marthe, ni Jean, bref : débrouillez-vous)/Couche toi là Pierre-Marie
24%
Depetrini/Darroze Anne-Hélène
20%
Balsec/Radcliffe Jean-Daniel
20%
Yanne/Amoros Jean-Manuel
20%
Staline/prénom de Madame de Sévigné Joseph-Marie
20%
Darrieussecq/Lagarde Marie-Christine
20%
Laurencin/Raquin Marie-Thérèse
20%
McCartney/Troyat Paul-Henri
20%
Rollin/Niel (mon milliardaire préféré) François-Xavier
16%
Schubert/Marchal Franz-Olivier
16%
Anouilh/ Kessel Jean-Joseph
16%
Dutourd/Béjart Jean-Maurice
16%
Sans Peur/Boisset Jean-Yves
16%
Allen (pas Woody)/McGowan Lily-Rose
16%
Tapernoux (experte de Mariés au premier regard)/Dolto Marie-Françoise
16%
Guillard/Rollès Marie-Hélène
16%
Garnier (pas Simone ni le shampooing)/Lecanuet Pierre-Jean
16%
Lemercier/Brontë (pas Emily, ni Charlotte, ni Branwell) Valérie-Anne
16%
Marivin/Duflot Anne-Cécile
12%
Roumanoff/Adler Anne-Laure
12%
Sylvestre/s’infiltre Anne-Marie
12%
Boleyn/Jovillard Anne-Sophie
12%
Foxx/Marvin Jamie-Lee
12%
Dubuffet/la Malice Jean-Denis
12%
Macé/Rocheteau Jean-Dominique
12%
Meneau/Kant Marc-Emmanuel
12%
Imbert/Strauss-Kahn Marie-Dominique
12%
Ire/Arditi Marie-Pierre
12%
Personne/Manet Paul-Edouard
12%
Giono/Niven Jean-David
8%
de Villepin (mannequin, fille de l’homme politique)/Lazure Marie-Gabrielle
8%
Harel/Bové Marie-José
8%
Ingalls, atteinte de cécité/Olivier, ex mari de Vivien Leigh Marie-Laurence
8%
Ponce/Leconte Pierre-Henri
8%
Caillon/Borne Anne-Elisabeth
4%
Gaessler/Magnien Carole-Anne
4%
Hollande (pas Thomas)/Gélin (pas Daniel ni Manuel, ni Fiona) François-Xavier
4%
de Givenchy/le chat (pas celui de Philippe Geluck) Hubert-Félix
4%
Marais (pas poitevin)/ Bonaparte (dernière descendante de Napoléon) Jean-Marie
4%
Stuart/Perna Marie-Noëlle
4%
de Médicis (femme d’Henri IV)/Byrne (pas Gabriel) Marie-Rose
4%
Alassane/Bosquet Anne-Céline
0%
SarKozy (homme politique, pas Nicolas )/Descrières Jean-Georges
0%
Barsacq/Chirac (femme politique) Marie-Claude
0%
Lannelongue (femme d’Odilon)/ Marie-Sophie
0%
Aucun quiz correspondant
Distribution des résultats
% des personnes avec chaque résultat
Percentile par nombre de réponses
Votre historique - résultats
Vous n’avez pas pris ce quiz